书目信息 |
| 题名: |
反恐共识
|
|
| 作者: | 曾勋 编写 | |
| 分册: | ||
| 出版信息: | 长春 吉林出版集团有限责任公司 2011.03 |
|
| 页数: | 119页 | |
| 开本: | 21cm | |
| 丛书名: | ||
| 单 册: | ||
| 中图分类: | I253.1 , D814.1 | |
| 科图分类: | ||
| 主题词: | 报告文学--中国--现代 | |
| 电子资源: | ||
| ISBN: | 978-7-5463-1852-3 | |
| 000 | 00857nam0 22002771 450 | |
| 001 | 004551554 | |
| 005 | 20111228161312.84 | |
| 010 | @a978-7-5463-1852-3@dCNY22.00 | |
| 096 | @aI253.1@bzx | |
| 100 | @a20100531d2011 em y0chiy50 ea | |
| 101 | 0 | @achi |
| 102 | @aCN@b220000 | |
| 105 | @ay z 000zy | |
| 200 | 1 | @a反恐共识@9fan kong gong shi@e上海合作组织成立@f曾勋编写 |
| 210 | @a长春@c吉林出版集团有限责任公司@d2011.03 | |
| 215 | @a119页@d21cm | |
| 300 | @a共和国故事 | |
| 330 | @a本书分为四部分,内容包括:五国聚首上海、高层互访会晤、“上合组织”成立、积极展开运作。 | |
| 517 | 1 | @a上海合作组织成立@9shang hai he zuo zu zhi cheng li |
| 601 | 02 | @a上海合作组织@j史料 |
| 606 | 0 | @a报告文学@y中国@z现代 |
| 690 | @aI253.1@v4 | |
| 690 | @aD814.1@v4 | |
| 701 | 0 | @a曾勋@9zeng xun@4编写 |
| 801 | 0 | @c20111228 |
| 905 | @aZUCC@dI253.1@eZ0293@f3 | |
| 反恐共识:上海合作组织成立/曾勋编写.-长春:吉林出版集团有限责任公司,2011.03 |
| 119页;21cm |
| 共和国故事 |
| ISBN 978-7-5463-1852-3:CNY22.00 |
| 本书分为四部分,内容包括:五国聚首上海、高层互访会晤、“上合组织”成立、积极展开运作。 |
| ● |
| 相关链接 |
|
|
|
正题名:反恐共识
索取号:I253.1/Z0293
 
预约/预借
| 序号 | 登录号 | 条形码 | 馆藏地/架位号 | 状态 | 备注 |
| 1 | 1184562 | 211845627 | 文学库108/108文学库 67排9列5层/ [索取号:I253.1/Z0293] | 在馆 | |
| 2 | 1184563 | 211845636 | 文学库108/108文学库 67排9列5层/ [索取号:I253.1/Z0293] | 在馆 | |
| 3 | 1184564 | 211845645 | 文学库108/108文学库 67排9列5层/ [索取号:I253.1/Z0293] | 在馆 |